Literature - European | 0 | 6 | 0 | 0 | 60 | 85 | 112.00 | 0 | 1 |
Literature - American | 0 | 5 | 0 | 0 | 50 | 102 | 123.80 | 0 | 0 |
Current Events - World | 1 | 2 | 0 | 0 | 35 | 39 | 77.00 | 0 | 0 |
Literature - British | 0 | 3 | 0 | 0 | 30 | 132 | 136.67 | 0 | 0 |
Literature - World and Miscellaneous | 0 | 3 | 0 | 0 | 30 | 108 | 111.00 | 0 | 0 |
Current Events - U.S. | 0 | 3 | 0 | 0 | 30 | 82 | 96.67 | 0 | 0 |
Fine Arts - Music | 0 | 3 | 0 | 0 | 30 | 110 | 114.33 | 0 | 0 |
History - American | 0 | 2 | 0 | 0 | 20 | 73 | 92.50 | 0 | 0 |
Other - Other Academic and General Knowledge | 1 | 0 | 0 | 0 | 15 | 48 | 48.00 | 0 | 0 |
History - European | 1 | 0 | 0 | 0 | 15 | 60 | 60.00 | 0 | 0 |
RMP - World Mythology | 1 | 0 | 0 | 0 | 15 | 56 | 56.00 | 0 | 1 |
Science - Computer Science | 0 | 1 | 0 | 0 | 10 | 87 | 87.00 | 0 | 0 |
Science - Math | 0 | 1 | 0 | 0 | 10 | 115 | 115.00 | 0 | 0 |
Science - Physics | 0 | 1 | 0 | 0 | 10 | 88 | 88.00 | 0 | 0 |
Social Science - Economics | 0 | 1 | 0 | 0 | 10 | 128 | 128.00 | 0 | 0 |
Social Science - Other | 0 | 1 | 0 | 0 | 10 | 122 | 122.00 | 0 | 0 |
Geography - World | 0 | 1 | 0 | 0 | 10 | 91 | 91.00 | 0 | 0 |
Social Science - Psychology | 0 | 1 | 0 | 0 | 10 | 108 | 108.00 | 0 | 0 |
RMP - East Asian Religion | 0 | 1 | 0 | 0 | 10 | 78 | 78.00 | 0 | 0 |
History - World | 0 | 1 | 0 | 0 | 10 | 119 | 119.00 | 0 | 0 |
RMP - Hinduism | 0 | 1 | 0 | 0 | 10 | 83 | 83.00 | 0 | 0 |
RMP - Islam | 0 | 1 | 0 | 0 | 10 | 103 | 103.00 | 0 | 0 |
Fine Arts - Painting | 0 | 1 | 0 | 0 | 10 | 107 | 107.00 | 0 | 0 |
RMP - Philosophy | 0 | 1 | 0 | 0 | 10 | 86 | 86.00 | 0 | 0 |
Geography - Europe | 0 | 1 | 0 | 0 | 10 | 138 | 138.00 | 0 | 0 |
Fine Arts - Miscellaneous | 0 | 1 | 0 | 0 | 10 | 85 | 85.00 | 0 | 0 |
Science - Chemistry | 0 | 1 | 0 | 0 | 10 | 121 | 121.00 | 0 | 0 |
History - Cross, Historiography, and Miscellaneous | 0 | 0 | 0 | 0 | 0 | | 0.00 | 0 | 0 |
Fine Arts - Sculpture | 0 | 0 | 0 | 0 | 0 | | 0.00 | 0 | 0 |
Fine Arts - Opera | 0 | 0 | 0 | 0 | 0 | | 0.00 | 0 | 0 |
RMP - Greco-Roman Mythology | 0 | 0 | 0 | 0 | 0 | | 0.00 | 0 | 0 |
RMP - Jewish Practice | 0 | 0 | 0 | 0 | 0 | | 0.00 | 0 | 0 |
Social Science - Sociology | 0 | 0 | 0 | 0 | 0 | | 0.00 | 0 | 0 |
Science - Astronomy | 0 | 0 | 0 | 0 | 0 | | 0.00 | 0 | 0 |